Statistics for Tennis Grand Slam Womens Singles Champions By Country

Click here to take the quiz!

General Stats

  • This quiz has been taken 36 times
  • The average score is 8 of 10

Answer Stats

TitlesCountry% Correct
8Russia
100%
86USA
100%
24Germany
97%
21Australia
88%
7Spain
85%
5France
82%
11Belgium
76%
5UK
76%
5Switzerland
62%
6Yugoslavia
59%

Score Distribution

Percentile by Number Answered

Percent of People with Each Score

Your Score History

You have not taken this quiz